| Tag |
First Indicator |
Second Indicator |
Subfields |
| LEADER |
00000cam a2200000 a 4500 |
| 001 |
in00000726421 |
| 005 |
20151016084223.0 |
| 008 |
871123s1987 enka b 00000 eng |
| 010 |
|
|
|a 87030251
|
| 020 |
|
|
|a 1853330795
|
| 035 |
|
|
|a (OCoLC)17209868
|
| 035 |
|
|
|9 ADG9160AM
|
| 040 |
|
|
|a DLC
|c DLC
|d TXA
|d UtOrBLW
|
| 049 |
|
|
|a TXAM
|c [A11094899]
|
| 050 |
0 |
0 |
|a TD899.A8
|b D57 1987
|
| 082 |
0 |
|
|a 363.7/28
|2 19
|
| 245 |
0 |
0 |
|a Direct disposal of spent nuclear fuel /
|c W. Bechthold [and others].
|
| 264 |
|
1 |
|a London, UK ;
|a Norwell, MA, USA :
|b Published by Graham & Trotman for the Commission of the European Communities,
|c 1987.
|
| 300 |
|
|
|a 1 volume (various pagings) :
|b illustrations ;
|c 24 cm.
|
| 336 |
|
|
|a text
|b txt
|2 rdacontent
|
| 337 |
|
|
|a unmediated
|b n
|2 rdamedia
|
| 338 |
|
|
|a volume
|b nc
|2 rdacarrier
|
| 490 |
1 |
|
|a Radioactive waste management series
|
| 500 |
|
|
|a "This report was prepared for the European Atomic Energy Community's Cost-Sharing Research Programme on Radioactive Waste Management and Disposal."--P. preceding title page.
|
| 504 |
|
|
|a Includes bibliography.
|
| 650 |
|
0 |
|a Nuclear power plants
|x Waste disposal.
|
| 650 |
|
0 |
|a Spent reactor fuels
|x Storage.
|
| 700 |
1 |
|
|a Bechthold, W.
|
| 710 |
2 |
|
|a Commission of the European Communities.
|
| 830 |
|
0 |
|a Radioactive waste management series.
|
| 999 |
|
|
|a MARS
|
| 999 |
f |
f |
|s 6a6991c4-2717-3b61-a747-fbcbd143838b
|i 2c3d0b21-851a-35ff-a96c-37c02db134ea
|t 0
|
| 952 |
f |
f |
|p normal
|a Texas A&M University
|b College Station
|c Sterling C. Evans Library
|d Evans: Library Stacks
|t 0
|e TD899.A8 D57 1987
|h Library of Congress classification
|i unmediated -- volume
|m A14811094899
|
| 998 |
f |
f |
|a TD899.A8 D57 1987
|t 0
|l Evans: Library Stacks
|